Niedersächsische Meisterschaft im Rutschen - Statistiken

Allgemein
  • Dieses Quiz wurde 6 mal gespielt
  • Das Durchschnittsergebnis liegt bei 14 aus 23
Antwortstatistiken
Hint Antwort % Korrekt
2012 Andreas Köhnke
100%
2010 Andreas Köhnke
100%
2009 Andreas Köhnke
100%
2008 Jens Scherer
100%
2007 Jens Scherer
100%
2007 Holger Wienzek
67%
2013 Jan-Erik Traub
67%
2012 Jan-Erik Traub
67%
2011 Jan-Erik Traub
67%
2010 Jan-Erik Traub
67%
2005 Lars Zunker
67%
2011 Ron-Hendrik Peesel
67%
2013 Thorsten Sojka
67%
2012 Thorsten Sojka
67%
2010 Thorsten Sojka
67%
2009 Thorsten Sojka
67%
2008 Thorsten Sojka
67%
2006 Christian Tschentscher
33%
2011 Maik-Christian Welbing
33%
2007 Arne Kümper
0%
2013 Carsten Bücken
0%
2009 Frank Pfeiffer
0%
2008 Frank Pfeiffer
0%
Keine übereinstimmenden Quizze gefunden
Verteilung der Resultate
Anzahl Personen mit jedem Resultat
Perzentil nach korrekt beantworteten Fragen
Ihre Resultats-Entwicklung
Sie haben dieses Quiz noch nicht gespielt